Secrets of the gene (Record no. 5539)

MARC details
000 -LEADER
fixed length control field 00617nam a22002057a 4500
005 - DATE AND TIME OF LATEST TRANSACTION
control field 20250519135324.0
008 - FIXED-LENGTH DATA ELEMENTS--GENERAL INFORMATION
fixed length control field 250519b |||||||| |||| 00| 0 eng d
040 ## - CATALOGING SOURCE
Transcribing agency DepED Dasmarinas City
245 ## - TITLE STATEMENT
Title Secrets of the gene
250 ## - EDITION
Edition statement October 1999 Vol. 196 No. 4
490 ## - SERIES STATEMENT
SERIES STATEMENT National Geographic
520 ## - SUMMARY, ETC.
Summary, etc. Science - Asking Infinite Questions, Unveiling the Universe, Secrets of the Gene, Valley of the Mummies, Cuba's Colonial Treasure, George Mallory, The Last Drive
650 ## - SUBJECT ADDED ENTRY--TOPICAL TERM
General subdivision UNIVERSE
650 ## - SUBJECT ADDED ENTRY--TOPICAL TERM
General subdivision GENE
650 ## - SUBJECT ADDED ENTRY--TOPICAL TERM
General subdivision MUMMIES
650 ## - SUBJECT ADDED ENTRY--TOPICAL TERM
General subdivision TREASURE
650 ## - SUBJECT ADDED ENTRY--TOPICAL TERM
General subdivision EVEREST
650 ## - SUBJECT ADDED ENTRY--TOPICAL TERM
General subdivision ATLANTIC
942 ## - ADDED ENTRY ELEMENTS (KOHA)
Source of classification or shelving scheme Dewey Decimal Classification
Koha item type Continuing Resources
999 ## -
-- 5539
-- 5539
Holdings
Homebranch current branch Barcode
DepED Dasmarinas City DepED Dasmarinas City DSMSR101999-046